banner koha

Recursos hidricos [Recurso energico Brasil] (Registro n. 313113)

MARC details
000 -LÍDER
campo de controle de tamanho fixo 01214naa a22003017a 4500
001 - NÚMERO DE CONTROLE
campo de controle BR8101243
003 - IDENTIFICADOR DO NÚMERO DE CONTROLE
campo de controle BR-BrBNA
005 - DATA E HORÁRIO DA ÚLTIMA TRANSAÇÃO
campo de controle 20240918174723.0
007 - CAMPO FIXO DE DESCRIÇÃO FÍSICA--INFORMAÇÃO GERAL
campo de controle de tamanho fixo ta
008 - CAMPO DE DADOS FIXOS--INFORMAÇÃO GERAL
campo de controle de tamanho fixo 230509b bl.||||| |||| 00| 0 por d
040 ## - FONTE DA CATALOGAÇÃO
Instituição da catalogação original BR-BrBNA
Idioma da catalogação por
Instituição que transcreveu o registro Biblioteca Nacional de Agricultura
041 ## - CÓDIGO DE IDIOMA
Código do idioma do texto/trilha sonora ou título diferente (Pt)
072 ## - CÓDIGO DE CATEGORIA DE ASSUNTO
Código de Categoria de Assunto P10; P05
Código do objeto /G514
-- GZ35
090 ## - NÚMERO DE CHAMADA LOCAL
Número de chamada P10 BR8101243
100 1# - ENTRADA PRINCIPAL--NOME PESSOAL
Nome pessoal Schulman, M.
111 1# - ENTRADA PRINCIPAL--NOME DO EVENTO
Nome do evento ou lugar Simposio Nacional sobre Fontes Convencionais e Alternativas de Energia
Local do evento Brasilia, DF (Brazil)
Data do evento ou assinatura do tratado 5 Jun 1979
245 1# - TÍTULO
Título Recursos hidricos [Recurso energico Brasil]
246 1# - FORMA VARIANTE DO TÍTULO
Título/título abreviado [Hydric resources [Energy resource; Brazil]]
246 1# - FORMA VARIANTE DO TÍTULO
Título/título abreviado [National symposium on conventional and alternative energy sources]
260 3# - PUBLICAÇÃO, DISTRIBUIÇÃO, ETC.
Local de publicação, distribuição, etc. Brasilia, DF (Brasil):
Data da publicação, distribuição, etc. 1980.
500 ## - NOTA GERAL
Nota geral Simposio nacional sobre fontes convencionais e alternativas de energia<br/>Brasilia, DF (Brasil): 1980. p. 257-313<br/>(BR8101243-AM)P10<br/>
650 ## - ASSUNTO--TERMO TÓPICO
Cabeçalho tópico ou nome geográfico Recurso hidrico
650 ## - ASSUNTO--TERMO TÓPICO
Cabeçalho tópico ou nome geográfico Recurso energetico
650 ## - ASSUNTO--TERMO TÓPICO
Cabeçalho tópico ou nome geográfico Bacia hidrografica
773 0# - ENTRADA ANALÍTICA
Título Simposio nacional sobre fontes convencionais e alternativas de energia
Número de controle do registro P10 BR8101243
Partes relacionadas Brasilia, DF (Brasil), 1980. p. 257-313
909 ## -
-- 202404
-- Lucia
-- 55
-- Lucia Elande
942 ## - ELEMENTOS DE ENTRADA ADICIONADOS (KOHA)
Tipo de material Koha Capítulo-Livro
Fonte da classificação ou esquema de arquivamento na estante Classificação AGRIS
Exemplares
Situação do descarte Fonte da classificação ou esquema de arquivamento na estante Situação física Não pode ser emprestado Coleção Biblioteca de origem Biblioteca atual Localização na estante Total de empréstimos Número de telefone completo Data de último acesso Número do exemplar Tipo de material Koha Situação das perdas Data de aquisição Fonte de aquisição
  Classificação AGRIS       Biblioteca Nacional de Agricultura - Binagri Biblioteca Nacional de Agricultura - Binagri Agrobase - Acervo Geral   P06 BR9606666 20/05/2024 01 Capítulo-Livro   2024-04-11 Portaria Interministerial nº 164/94

BINAGRI

Telefone: (61)3218-2567/2388/3357/2097 - binagri@agro.gov.br

Ministério da Agricultura e Pecuária , Esplanada dos Ministérios, Bloco D, Anexo B, Brasília/DF, CEP: 70.043-900